000 00700pam a2200229 a 4500
001 3904125
005 20180227092641.0
008 910220s1992 ilua b 001 0 eng
010 _a 91002640
020 _a0256073112
040 _aDLC
_cDLC
_dDLC
041 _aeng
080 _a658.15 PAR
082 0 0 _a658.15 PAR
_220
100 1 _a54
101 _aMAN
245 1 0 _aIntroduction to financial management /
_cCharles P. Jones.
504 _aIncludes bibliographical references and index.
906 _a7
_bcbc
_corignew
_d1
_eocip
_f19
_gy-gencatlg
942 _2ddc
_cBK
999 _c43649
_d43649